000 00310nam a2200121Ia 4500
005 20251222141919.0
008 251222s9999||||xx |||||||||||||| ||spa||
082 _a985.019/H22
100 _aHarvey Valencia, Armando
245 0 _aCoricancha.
264 _bUniversidad Nacional de San Antonio Abad
942 _cLIB
999 _c8667
_d8667